000 00541nam a2200169 i 4500
001 88328
003 ES-MaACL
005 20230906175835.0
007 t|
008 050104s1909 sp ||||1| spa d
100 1 _aLa Grasserie, Raoul de.
_969156
245 1 0 _aPrincipios sociológicos del Derecho civil /
_cpor Raoul de La Grasserie ; traducción española y notas de Luis Pereira Eleta.
260 _aMadrid :
_bReus,
_c1909.
300 _aVIII, 553 p. ;
_c23 cm.
700 1 _aPereira Eleta, Luis.
_990486
852 _aES-MaACL
_jF-14593
999 _c88328
_d88328